[Event "HUN-chT2 Asztalos 0203"]
[Site "Hungary"]
[Date "2003.01.19"]
[Round "5"]
[White "Kadlicsko, Jozsef"]
[Black "Nagy, Imre"]
[Result "1-0"]
[WhiteElo "2128"]
[BlackElo "2225"]
[PlyCount "53"]
[EventDate "2002.09.22"]
[EventType "team"]
[EventRounds "11"]
[EventCountry "HUN"]
[SourceTitle "EXT 2009"]
[Source "ChessBase"]
[SourceDate "2008.11.26"]
[SourceVersion "1"]
[SourceVersionDate "2008.11.26"]
[SourceQuality "1"]

1. d4 d5 2. c4 e5 3. dxe5 d4 4. Nf3 Nc6 5. a3 a5 6. g3 Bg4 7. Bg2 Qd7 8. 0-0 Bc5 9. Nbd2 Nge7 10. Nb3 b6 11. e6 Qxe6 12. Nfxd4 Bxd4 13. Nxd4 Qxc4 14. Nxc6 Nxc6 15. Bd5 Qc5 16. Be3 Qd6 17. Rc1 Bd7 18. Bxc6 Qxc6 19. Rxc6 Bxc6 20. Qc2 Bd5 21. Rd1 c6 22. Rxd5 cxd5 23. Qc6+ Ke7 24. Qxb6 f6 25. h4 a4 26. h5 Rhc8 27. Bc5+ 1-0